书目信息 |
| 题名: |
箫基础演奏练习
|
|
| 作者: | 田龙 编著 | |
| 分册: | ||
| 出版信息: | 北京 现代出版社 2024.01 |
|
| 页数: | 234页 | |
| 开本: | 29cm | |
| 丛书名: | ||
| 单 册: | ||
| 中图分类: | J632.13 | |
| 科图分类: | ||
| 主题词: | 洞箫--吹奏法 | |
| 电子资源: | ||
| ISBN: | 978-7-5231-0387-6 | |
| 000 | 01053nam0 2200253 450 | |
| 001 | 01015903 | |
| 005 | 20251022200135.82 | |
| 010 | @a978-7-5231-0387-6@dCNY85.00 | |
| 100 | @a20240401d2024 em y0chiy0120 ea | |
| 101 | 0 | @achi |
| 102 | @aCN@b110000 | |
| 105 | @aag az 000yy | |
| 106 | @ar | |
| 200 | 1 | @a箫基础演奏练习@9xiao ji chu yan zou lian xi@f田龙编著 |
| 210 | @a北京@c现代出版社@d2024.01 | |
| 215 | @a234页@c图,乐谱@d29cm | |
| 300 | @a音之旅 新编中国民族器乐演奏启蒙 | |
| 320 | @a有书目 | |
| 330 | @a本书侧重介绍箫的器、技、艺三方面内容:《知于器》介绍箫的历史演变、种类形制和持箫方法,帮助初学者了解箫乐器的基本常识;《精于技》介绍箫的演奏技术,配合大量新创编练习曲和乐曲,帮助习箫者通过基础训练和乐曲实践,加强基本功和实操能力;《通于艺》介绍箫在昆曲、江南丝竹、南音和广东汉乐等戏曲和乐种的应用,精选经典作品作为风格性练习,旨在帮助演奏者扩展对箫艺术的理解,提升音乐审美趣味。 | |
| 606 | 0 | @a洞箫@x吹奏法 |
| 690 | @aJ632.13@v5 | |
| 701 | 0 | @a田龙@9tian long@4编著 |
| 801 | 0 | @aCN@c20250910 |
| 905 | @a河南城建学院图书馆@dJ632@eT632@ZT632@f1 | |
| 箫基础演奏练习/田龙编著.-北京:现代出版社,2024.01 |
| 234页:图,乐谱;29cm |
| 音之旅 新编中国民族器乐演奏启蒙 |
| ISBN 978-7-5231-0387-6:CNY85.00 |
| 本书侧重介绍箫的器、技、艺三方面内容:《知于器》介绍箫的历史演变、种类形制和持箫方法,帮助初学者了解箫乐器的基本常识;《精于技》介绍箫的演奏技术,配合大量新创编练习曲和乐曲,帮助习箫者通过基础训练和乐曲实践,加强基本功和实操能力;《通于艺》介绍箫在昆曲、江南丝竹、南音和广东汉乐等戏曲和乐种的应用,精选经典作品作为风格性练习,旨在帮助演奏者扩展对箫艺术的理解,提升音乐审美趣味。 |
| ● |
| 相关链接 |
|
|
|
正题名:箫基础演奏练习
索取号:J632/T632
 
预约/预借
| 序号 | 登录号 | 条形码 | 馆藏地/架位号 | 状态 | 备注 |
| 1 | 1634697 | 216346979 | 社科库309/309社科库 93排2列1层/ [索取号:J632/T632] | 在馆 |